| 000 | 00855cam a22002775a 4500 | ||
|---|---|---|---|
| 001 | 016502862 | ||
| 003 | EG-ScBUE | ||
| 005 | 20220208103936.0 | ||
| 008 | 130814s2013 enk f 000 1 eng d | ||
| 020 | _a9780007488063 | ||
| 040 |
_aStDuBDS _beng _erda _cStDuBDS _dUk _dEG-ScBUE |
||
| 082 | 0 | 4 |
_222 _a823.92 _bMCF |
| 100 | 1 |
_aMcFarlane, Mhairi, _eauthor. _937653 |
|
| 245 | 1 | 0 |
_aHere's looking at you / _cMhairi McFarlane. |
| 264 | 1 |
_aLondon : _bAvon, _c2013. |
|
| 300 |
_a432 pages ; _c20 cm |
||
| 336 |
_2rdacontent _atext _btxt |
||
| 337 |
_2rdamedia _aunmediated _bn |
||
| 338 |
_2rdacarrier _avolume _bnc |
||
| 500 | _aThe Sunday Times bestseller. | ||
| 650 | 7 |
_2BUEsh _924788 _aMan-woman relationships _vFiction. |
|
| 651 | 7 |
_2BUEsh _aGreat Britain _vFiction. |
|
| 653 |
_cDecember2016 _bHHUUEENN |
||
| 655 |
_vReading book _934232 |
||
| 942 |
_2ddc _cBB |
||
| 999 |
_c23618 _d23590 |
||